Normal view
MARC view
- San Juan de Ulúa, Veracruz
Entry Nombre Geográfico
001 - NÚMERO DE CONTROL
- campo de control: 19239
003 - IDENTIFICADOR DE NUMERO DE CONTROL
- campo de control: MX-MxUPN
005 - FECHA Y HORA DE LA ÜLTIMA TRANSACCIÓN
- campo de control: 20240418140838.0
008 - DATOS DE LONGITUD FIJA
- campo de control de longitud fija: 240418n||fcnnnbabn | ana |d
035 ## - NÚMERO DE CONTROL
- Número de control: UPN10000019248
040 ## - FUENTE DE CATALOGACIÓN
- Agencia de catalogación original: MX-MxUPN
- Lenguaje de catalogación: spa
- Agencia de transcripción: MX-MxUPN
151 ## - ENCABEZAMIENTO - NOMBRE GEOGRÁFICO
- Nombre geográfico: San Juan de Ulúa, Veracruz
- Subdivisión general : Historia
670 ## - FUENTE EN LA QUE SE LOCALIZARON DATOS
- Cita de la fuente: E/P
- Información localizada: San Felipe, Venezuela - Historia
902 ## - CATALOGADOR
- Catalogador: PN/091296
